00659nam a2200193 i 4500001000300000100002200003245006900025260003800094300004100132490004200173700002100215830004200236020001500278040000800293041000800301080001700309008004100326856009800367bg1 aGUPTA, Ashwani K. 0aFlowfield modeling and diagnostics /cA. K. Gupta, D. G. Lilley. aTunbridge Wells :bAbacus,c1985. aXII, 414 s. :brys., wykr. ;c24 cm.1 aEnergy and Engineering Science Series1 aLILLEY, David G. aEnergy and Engineering Science Series a0856263281 cBPK apol a533.6:662.61 s pl f |000 0 pol  uhttp://koha.tu.koszalin.pl/cgi-bin/koha/opac-detail.pl?biblionumber=29121yKatalog online BPK